Backwards Alphabet Speed Quiz - Statistics

General Stats
  • This quiz has been taken 70 times
  • The average score is 25 of 26
Answer Stats
Answer % Correct
Y
100%
Z
100%
Q
97%
R
97%
S
97%
T
97%
U
97%
V
97%
W
97%
X
97%
A
94%
B
94%
C
94%
D
94%
E
94%
F
94%
G
94%
H
94%
I
94%
J
94%
K
94%
L
94%
M
94%
N
94%
O
94%
P
94%
No matching quizzes found
Score Distribution
Percent of People with Each Score
Percentile by Number Answered
Your Score History
You have not taken this quiz